Cytology and evolution in parthenogenesis /

Bibliographic Details
Main Author: Suomalainen, Esko
Other Authors: Saura, Anssi, Lokki, Juhani
Format: Book
Language:English
Published: Boca Raton, Fla. : CRC Press, [1987]
Subjects:

MARC

Tag First Indicator Second Indicator Subfields
LEADER 00000cam a2200000 a 4500
001 in00000014307
005 20151007052202.0
008 860826s1987 flua b 00110 eng
010 |a  86023286  
020 |a 0849359813 
035 |a (OCoLC)14212237 
035 |9 AAA6672AM 
040 |a DLC  |c DLC  |d TXA  |d UtOrBLW 
049 |a TXAM  |c [A11487864] 
050 0 0 |a QH487  |b .S86 1987 
082 0 |a 591.1/62  |2 19 
100 1 |a Suomalainen, Esko. 
245 1 0 |a Cytology and evolution in parthenogenesis /  |c authors, Esko Suomalainen, Anssi Saura, Juhani Lokki. 
264 1 |a Boca Raton, Fla. :  |b CRC Press,  |c [1987] 
264 4 |c ©1987 
300 |a 216 pages :  |b illustrations ;  |c 27 cm. 
336 |a text  |b txt  |2 rdacontent 
337 |a unmediated  |b n  |2 rdamedia 
338 |a volume  |b nc  |2 rdacarrier 
504 |a Includes bibliographies and index. 
650 0 |a Parthenogenesis in animals. 
650 0 |a Evolution. 
650 0 |a Cytology. 
700 1 |a Saura, Anssi. 
700 1 |a Lokki, Juhani. 
999 |a MARS 
999 f f |s 2f63b6bd-29c5-3efe-85c2-c1893318fc19  |i ad5dc152-2889-37cb-8fb7-451a4660a4b3  |t 0 
952 f f |p normal  |a Texas A&M University  |b College Station  |c Sterling C. Evans Library  |d Evans: Library Stacks  |t 0  |e QH487 .S86 1987  |h Library of Congress classification  |i unmediated -- volume  |m A14811487864 
998 f f |a QH487 .S86 1987  |t 0  |l Evans: Library Stacks